El paper moneda català (i altres signes monetaris) : emissions de la guerra 1936-1939 : catàleg general històrico-descriptiu : Valls d'Andorra - Principat de Catalunya / Antoni Turró ; pròleg de Josep Tarradellas emissions de la guerra 1936-1939 :

per Turró, Antoni

Publicat: Barcelona : l'Avenç : Diputació de Barcelona , 1982
Descripció física: 749 p. : il., negre i col. ; 32 cm
Altres autors: Tarradellas, Josep

MARC

LEADER 00000nam a2200000Ia 4500
001 2034
008 160829s1982 xx 000 0 cat d
080 |a FOL-1-64 
100 |a Turró, Antoni  |9 35259 
245 |a El paper moneda català (i altres signes monetaris) :  |b  emissions de la guerra 1936-1939 :  |b  catàleg general històrico-descriptiu :  |b  Valls d'Andorra - Principat de Catalunya / Antoni Turró ; pròleg de Josep Tarradellas 
260 |a Barcelona :  |b l'Avenç :  |b Diputació de Barcelona,  |c 1982 
300 |a 749 p. :  |b  il., negre i col. ;  |c 32 cm 
650 |a Paper moneda  |x Catalunya  |x 1936/1939  |9 35260 
700 |a Tarradellas, Josep  
710 1 |a Barcelona (Catalunya : Província).  |b Diputació  |9 52408 
901 |a Arxiu 
942 |n 1 
952 |0 0  |1 0  |4 0  |6 FOL164  |7 1  |9 46834  |a Arxiu  |b Arxiu  |d 2016-12-01  |l 0  |o FOL-1-64  |p 2034  |r 2016-12-01 00:00:00  |w 2016-12-01  |y ARXIU 
999 |c 50627  |d 50627